The doomsday conspiracy (Record no. 68954)
[ view plain ]
| 000 -LEADER | |
|---|---|
| fixed length control field | 01237cim a2200325 a 4500 |
| 001 - CONTROL NUMBER | |
| control field | 5667877 |
| 003 - CONTROL NUMBER IDENTIFIER | |
| control field | NUST - PNEC |
| 005 - DATE AND TIME OF LATEST TRANSACTION | |
| control field | 20170116181106.0 |
| 007 - PHYSICAL DESCRIPTION FIXED FIELD--GENERAL INFORMATION | |
| fixed length control field | ssulunjlcnnnu |
| 008 - FIXED-LENGTH DATA ELEMENTS--GENERAL INFORMATION | |
| fixed length control field | 921028s1991 caunnn f eng |
| 010 ## - LIBRARY OF CONGRESS CONTROL NUMBER | |
| LC control number | 92789281 |
| 020 ## - INTERNATIONAL STANDARD BOOK NUMBER | |
| International Standard Book Number | 1558003827 |
| 024 3# - OTHER STANDARD IDENTIFIER | |
| Standard number or code | 9781558003828 |
| 028 02 - PUBLISHER NUMBER | |
| Publisher number | 41450 |
| Source | Dove Audio |
| 040 ## - CATALOGING SOURCE | |
| Original cataloging agency | DLC |
| Transcribing agency | DLC |
| 050 00 - LIBRARY OF CONGRESS CALL NUMBER | |
| Classification number | RZA 0817 |
| 082 ## - DEWEY DECIMAL CLASSIFICATION NUMBER | |
| Classification number | 813.54 SHE |
| 100 1# - MAIN ENTRY--PERSONAL NAME | |
| Personal name | Sheldon, Sidney. |
| 245 14 - TITLE STATEMENT | |
| Title | The doomsday conspiracy |
| Medium | [sound recording] / |
| Statement of responsibility, etc. | author, reader, Sidney Sheldon. |
| 260 ## - PUBLICATION, DISTRIBUTION, ETC. | |
| Place of publication, distribution, etc. | Beverly Hills, CA : |
| Name of publisher, distributor, etc. | Dove Audio, |
| Date of publication, distribution, etc. | p1991. |
| 300 ## - PHYSICAL DESCRIPTION | |
| Extent | 2 sound cassettes (ca. 3 hr.) : |
| Other physical details | analog, Dolby processed. |
| 306 ## - PLAYING TIME | |
| Playing time | 030000 |
| 500 ## - GENERAL NOTE | |
| General note | In container (18 cm.). |
| 520 ## - SUMMARY, ETC. | |
| Summary, etc. | An abridgment of the novel about a United States Navy commander who is assigned by the National Security Agency to investigate the crash of a weather balloon near an isolated Swiss village and discovers the accident actually involved an unidentified flying object containing two alien bodies. |
| 650 #0 - SUBJECT ADDED ENTRY--TOPICAL TERM | |
| Topical term or geographic name entry element | Navies |
| General subdivision | General books |
| Form subdivision | Fiction. |
| 650 #0 - SUBJECT ADDED ENTRY--TOPICAL TERM | |
| Topical term or geographic name entry element | Extraterrestrial beings |
| Form subdivision | Fiction. |
| 906 ## - LOCAL DATA ELEMENT F, LDF (RLIN) | |
| a | 7 |
| b | cbc |
| c | orignew |
| d | 2 |
| e | ncip |
| f | 19 |
| g | y-genmusic |
| 942 ## - ADDED ENTRY ELEMENTS (KOHA) | |
| Source of classification or shelving scheme | |
| Koha item type | Book |
| Withdrawn status | Lost status | Source of classification or shelving scheme | Damaged status | Not for loan | Permanent Location | Current Location | Shelving location | Date acquired | Total Checkouts | Full call number | Barcode | Date last seen | Date last checked out | Price effective from | Koha item type |
|---|---|---|---|---|---|---|---|---|---|---|---|---|---|---|---|
| Pakistan Navy Engineering College (PNEC) | Pakistan Navy Engineering College (PNEC) | 1 | 813.54 SHE | PNECLIB-031651 | 12/02/2016 | 11/29/2016 | Book |
